धम्ममार्ग जीवन मीमांसा / (Record no. 69469)

MARC details
000 -LEADER
fixed length control field 01013nam a22002297a 4500
005 - DATE AND TIME OF LATEST TRANSACTION
control field 20120614170415.0
008 - FIXED-LENGTH DATA ELEMENTS--GENERAL INFORMATION
fixed length control field 081007t xxu||||| |||| 00| 0 mar d
010 ## - LCCN (DPL NO)
LC control number MAR-22461
020 ## - INTERNATIONAL STANDARD BOOK NUMBER
Terms of availability 170.00
035 ## - SYSTEM CONTROL NUMBER
System control number MR-15119
037 ## - SOURCE OF ACQUISITION
Source of stock number/acquisition D.B.Act /pub
082 ## - DEWEY DECIMAL CLASSIFICATION NUMBER
Classification number 294.363
100 ## - MAIN ENTRY--PERSONAL NAME
9 (RLIN) 49115
Personal name दहिवाले, जी.के.
245 ## - TITLE STATEMENT
Title धम्ममार्ग जीवन मीमांसा /
Statement of responsibility, etc जी.के.दहिवाले
246 ## - VARYING FORM OF TITLE
Remainder of title by G.J.Dahiwile
Title proper/short title Dhammamarg Jeevan Meemamsa
260 ## - PUBLICATION, DISTRIBUTION, ETC. (IMPRINT)
Place of publication, distribution, etc औरंगाबाद
Name of publisher, distributor, etc कौशल्य प्रकाशन
Date of publication, distribution, etc 2011
270 ## - ADDRESS
City औरंगाबाद
Address एन-11,सी-3/24/3,हडको,
Postal code 431003
300 ## - PHYSICAL DESCRIPTION
Extent 124पृ.
Dimensions 22सेमी(सजिल्द)
650 ## - SUBJECT ADDED ENTRY--TOPICAL TERM
9 (RLIN) 51648
942 ## - ADDED ENTRY ELEMENTS (KOHA)
Source of classification or shelving scheme Dewey Decimal Classification
Item type Marathi Books
Call number suffix दहिवा
Classification part 294.363
Holdings
Withdrawn status Lost status Source of classification or shelving scheme Damaged status Not for loan Collection code Home library Current library Date acquired Source of acquisition Cost, normal purchase price Total Checkouts Full call number Barcode Date last seen Copy number Cost, replacement price Koha item type
    Dewey Decimal Classification   Not For Loan Non-fiction D.B.Act.Division D.B.Act.Division 28/08/2012 DBAD / PUB 170.00   294.363 दहिवा MR-15119 28/08/2012 1 170.00 Marathi Books

© Delhi Public Library
Hit Counter
free hit counter